LEADER 01150nam 2200349Ia 450 001 996386241503316 005 20221108104949.0 035 $a(CKB)1000000000604818 035 $a(EEBO)2240920253 035 $a(UnM)9928799900971 035 $a(UnM)99895242 035 $a(EXLCZ)991000000000604818 100 $a19970609d1652 uy | 101 0 $aeng 135 $aurbn||||a|bb| 200 13$aTo? agado?n anthro?pinon. A tract of mans chiefest good$b[electronic resource] $eBy Mathias Browne, Doctor of Physick 210 $aLondon $cprinted by Thomas Harper$d1652 215 $a[28], 113, [3] p 300 $aFirst leaf is blank. 300 $aRunning title reads: Mans summum bonum. 300 $aReproduction of original in the William Andrews Clark Memorial Library. 330 $aeebo-0189 606 $aGood and evil$vEarly works to 1800 615 0$aGood and evil 700 $aBrowne$b Mathias$01012184 801 0$bCu-RivES 801 1$bCu-RivES 801 2$bWaOLN 906 $aBOOK 912 $a996386241503316 996 $aTo? agado?n anthro?pinon. A tract of mans chiefest good$92360311 997 $aUNISA